| 000 -Etiqueta do registo | |
|---|---|
| campo de controlo de comprimento fixo | 007100000a22002170004500 |
| 001 - Identificador do registo | |
| Campo de controlo | 25856 |
| 010 ## - ISBN | |
| Número (ISBN) | 972-708-852-X |
| 100 ## - Dados Gerais de Proc. | |
| Dados gerais de processamento | 20081002d2005 m y0pory5003 ba |
| 101 0# - Língua da publicação | |
| Língua do texto, banda sonora, etc. | Português |
| Língua do documento no original | Inglês |
| 102 ## - País de Publicação | |
| País de publicação | Portugal |
| 200 1# - Título | |
| Título próprio | Um quarto só para si |
| Primeira menção de responsabilidade | Virginia Woolf |
| Outras menções de responsabilidade | trad. e pref. de Maria de Lourdes Guimarães |
| 210 ## - Publicação, Distribuição | |
| Lugar da edição, distribuição, etc. | Lisboa |
| Nome do editor, distribuidor, etc. | Relógio d'Água |
| Data da publicação, distribuição, etc. | 2005 |
| 215 ## - Descrição física | |
| Descrição física | 162, [5] p |
| 225 2# - Colecção | |
| Título próprio da colecção | Fora de colecção |
| 304 ## - Título e responsabilidade | |
| Texto da nota | Tít. orig. : A room of one's own. |
| 675 ## - CDU | |
| Notação | 821.111-4"19" |
| Edição | BN |
| Língua da edição | Português |
| 700 #1 - Responsabilidade principal | |
| Palavra de ordem | Woolf |
| Outra parte do nome | Virgínia |
| Datas | 1882-1941 |
| 702 #1 - Responsabilidade secundária | |
| Koha Internal Code | 23517 |
| Código de função | Tradutor |
| Palavra de ordem | Guimarães |
| Outra parte do nome | Maria de Lurdes |
| 090 ## - Números de controlo do sistema (Koha) | |
| Número biblioitem do Koha (gerado automaticamente) | 25856 |
| 942 ## - Elementos de entrada adicionados (Koha) | |
| Tipo de item no Koha | Monografias |
| Suprimido | Disponível no OPAC |
| 999 ## - Campo local | |
| Campo local | 25856 |
| -- | Bibliobase - BMTAV |
| -- | 2019-01-21 |
| Removido (estado) | Perdido (estado) | Data de aquisição | Origem do registo (biblioteca) (codificado) | Código da organização que empresta ou é detentora (biblioteca) | Código de barras | Local | Número de inventário | Cota | Data de empréstimo ou depósito | Tipo de circulação (não pode ser emprestado) | Tipo de item e material |
|---|---|---|---|---|---|---|---|---|---|---|---|
| Disponível | Disponível | 2008-10-02 | Biblioteca Municipal Álvaro de Campos | Biblioteca Municipal Álvaro de Campos | BMTAV43256 | Sala de Adultos | 43256 | R7 WOO | 2023-08-23 | Normal | Monografias |